000 01251pam a2200361 a 4500
001 5979
003 FISKH
005 20250218092857.0
008 860107t19891985nyua j 000 1 eng
010 _a 85032541
020 _a0385294964
020 _a0440441501
040 _aDLC
_cDLC
_dDLC
_beng
050 _aPZ7.G3626 I
082 _a581
100 1 _aGiff, Patricia Reilly
_d(1935–2021)
245 1 0 _aIn the dinosaur's paw /
_cPatricia Reilly Giff ; illustrated by Blanche Sims.
250 _aThis edition first published in 1985
260 _aNew York :
_bDelacorte Press,
_c1985.
300 _a72 pages :
_billustrations ;
_c2o cm
490 1 _aThe Kids of the Polk Street School ;
_v5
505 _aJ
520 _aWhen the kids in Ms. Rooney's class return to school after Christmas, one of them suspects he has found a magic ruler that makes wishes come true.
521 8 _a490
_bLexile
521 8 _aJ
_bRaz-Plus
650 1 _aSchools
_xFiction.
650 1 _aChildren
_xMagic
700 1 _aSims, Blanche
_eillustrator
800 1 _aGiff, Patricia Reilly.
_tKids of the Polk Street School (Delacorte Press) ;
_v5.
906 _a7
_bcbc
_corignew
_d1
_eocip
_f19
_gy-gencatlg
942 _2ddc
_cBK
_n0
999 _c5979
_d5979